| 000 | 01220nam a2200241Ia 4500 | ||
|---|---|---|---|
| 999 |
_c3586 _d3586 |
||
| 003 | OSt | ||
| 005 | 20200414133319.0 | ||
| 008 | 191128s1984 ck gr 000 0 spa d | ||
| 040 |
_aCO-JMCR _cCO-JMCR |
||
| 041 | 1 | 0 |
_aspa _heng |
| 082 | 0 | 4 |
_a177 / _bB976v |
| 100 | 1 |
_aBuscaglia, Leo, _eautor _91543 |
|
| 245 | 1 | 0 |
_aVivir, amar y aprender / _cLeo Buscaglia ; traducción, Fernando Orihuel |
| 260 |
_aBogotá : _bTiempo libre, _c1984 |
||
| 300 |
_a269 páginas ; _c20 cm. |
||
| 490 | _aCirculo de lectores | ||
| 505 | _aEl amor como elemento modificador de la conducta -- llegar a ser uno mismo -- allí es donde está la luz ( a la búsqueda de la propia identidad) -- lo esencial resulta invisible -- levantar puentes no barreras -- El arte de ser plenamente humanos -- Los niños del mañana -- Tu yo intimo -- Elegir la vida -- Enseñar la vida -- Hablando de amor -- En compañía de Leo Buscaglia -- La parafernalia del anti-yo: el yo autodestructor | ||
| 546 | 1 | 0 |
_aTitulo original: Living, Loving & Learning _beng |
| 650 | 1 | 4 |
_aRelaciones interpersonales _x Amor _91544 |
| 650 | 2 | 4 |
_aRelaciones interpersonales _xConducta (psicología) _91545 |
| 700 | 1 |
_aOrihuel, Fernando, _etraductor _91546 |
|
| 942 |
_2ddc _cBK |
||